Wszystkie miejscowości gminy Przysucha - Statystyki

Ogólne statystyki
  • Ten quiz został rozwiązany 14 razy
  • Średni wynik to 8 z 26
Statystyki odpowiedzi
Liczba Mieszkańców
(r. 2021)
Miejscowość % Poprawnych
5 348 Przysucha
91%
1 017 Skrzyńsko
55%
258 Janów
45%
583 Smogorzów
45%
436 Zbożenna
45%
551 Janików
36%
162 Krajów
36%
145 Zawada
36%
201 Gliniec
27%
222 Jakubów
27%
55 Kolonia Szczerbacka
27%
179 Lipno
27%
- Mariówka
27%
231 Wistka
27%
221 Beźnik
18%
201 Dębiny
18%
50 Długa Brzezina
18%
66 Gaj
18%
95 Głęboka Droga
18%
52 Hucisko
18%
198 Kozłowiec
18%
54 Kuźnica
18%
361 Pomyków
18%
168 Ruski Bród
18%
103 Wola Więcierzowa
18%
- Dębiny-Kolonia
9%
Nie znaleziono quizów pasujących do podanych kryteriów
Rozkład punktacji
Procent ludzi z każdym wynikiem
Percentyl według liczby udzielonych odpowiedzi
Twoja historia wyników
Nie rozwiązałeś tego quizu